Länder, die das meiste Lamm produzieren - Statistiken

Allgemein
  • Dieses Quiz wurde 88 mal gespielt
  • Das Durchschnittsergebnis liegt bei 12 aus 20
Antwortstatistiken
1000 Tonnen Land % Korrekt
2384 China
89%
235 Indien
87%
203 Russland
79%
670 Australien
78%
291 Iran
77%
451 Neuseeland
77%
333 Türkei
76%
172 Pakistan
71%
151 Kasachstan
62%
127 Mongolei
60%
298 Vereinigtes Königreich
59%
269 Algerien
57%
163 Marokko
57%
229 Usbekistan
52%
156 Südafrika
48%
129 Turkmenistan
48%
256 Sudan
43%
153 Syrien
40%
149 Nigeria
38%
151 Tschad
26%
Keine übereinstimmenden Quizze gefunden
Verteilung der Resultate
Anzahl Personen mit jedem Resultat
Perzentil nach korrekt beantworteten Fragen
Ihre Resultats-Entwicklung
Sie haben dieses Quiz noch nicht gespielt